| 000 | 00978nas a2200325 4500 | ||
|---|---|---|---|
| 001 | BR7805884 | ||
| 003 | BR-BrBNA | ||
| 005 | 20231205083520.0 | ||
| 007 | ta | ||
| 008 | 230509b bl.|||p| |||| 00| 00por d | ||
| 040 |
_aBR-BrBNA _bpor _cBiblioteca Nacional de Agricultura |
||
| 041 | _a(Pt) | ||
| 072 | _aF27 | ||
| 100 | 1 | _aAnon. | |
| 245 | 1 | _aFruticultura irrigada no Vale do Sao Francisco [Mamao; Carica papaya; Melao; Cucumis melo; Abacate; Persea americana; Manga; Mangifera indica; Uva; Vitis vinifera; Brasil] | |
| 650 | _aFRUTICULTURA | ||
| 650 | _aCULTURA IRRIGADA | ||
| 650 | _aMAMAO | ||
| 650 | _aMELAO | ||
| 650 | _aABACATE | ||
| 650 | _aMANGA | ||
| 650 | _aUVA | ||
| 650 | _aPRATICA CULTURAL | ||
| 650 | _aRENDIMENTO | ||
| 650 | _aRIO | ||
| 650 | _aVALE DO SAO FRANCISCO | ||
| 773 | 0 |
_tDirigente Rural (Brazil) _xISSN 0012-3374 _g(Nov 1978), v. 17(11-12) p. 31-39 _wBR7805884 |
|
| 909 |
_a202311 _bLúcia _c55 _dLúcia Elande |
||
| 942 |
_2AGRIS _n0 _cANA |
||
| 999 |
_c99328 _d99328 |
||